000 00989cab a2200289 4500
001 ABS48619
008 090401t1993 xxu||||| |||| 00| 0 eng d
035 _a(Sirsi) u67604
041 _aeng
100 _aNicholls, H.
245 _aMortgage fraud : banks and building societies` myopia
260 _c1993
350 _a0
490 _aEstates Gazette
_v(9319) 15 May 1993, 131(1)
520 _aContends that valuers are not the only culprits in the current wave of claims and that mortgage lenders have to shoulder some blame for being too lax on following guidelines on mortgage applications in the mid to late 1980s.
650 _aCONTRIBUTORY NEGLIGENCE
650 _aHIT FINANCE LTD V LEWIS AND TUCKER
650 _aMORTGAGE FRAUD
650 _aMORTGAGE LENDERS
650 _aMORTGAGE VALUATIONS
650 _aMORTGAGES
650 _aNEGLIGENCE
650 _aVALUERS
690 _aPROPERTY-PROPERTY FINANCE AND INVESTMENT
942 _n0
948 _c04/03/1997
999 _c42306
_d42306